| 000 | 00758nam a2200217 i 4500 | ||
|---|---|---|---|
| 001 | 32297 | ||
| 003 | ES-MaACL | ||
| 005 | 20250824063031.0 | ||
| 007 | t| | ||
| 008 | 030130s1906 sp ||||1| spa d | ||
| 100 | 1 |
_aBenito, Enrique de, _d1882-1930 _927657 |
|
| 245 | 1 | 0 |
_aDiscurso leído en la solemne apertura del curso académico de 1906 a 1907 _b: tema : El anarquismo y su represión / _cpor Enrique de Benito. |
| 260 |
_aOviedo : _b[s.n.], _c1906 ( _fEst. Tip. de Adolfo Brid) |
||
| 300 |
_a71 p. ; _c27 cm. |
||
| 500 | _aPrecede al tít.: Universidad Literaria de Oviedo. | ||
| 650 | 7 |
_aAnarquismo _2embne _99783 |
|
| 710 | 2 |
_aUniversidad de Oviedo. _97260 |
|
| 852 |
_aES-MaACL _jT-1182-F-1 |
||
| 942 | _2udc | ||
| 999 |
_c32297 _d32297 |
||